header

Evaluation of certain veterinary drug residues in food (Record no. 132649)

MARC details
000 -LEADER
fixed length control field 01816nam a2200397 a 4500
245 10 - TITLE STATEMENT
Title Evaluation of certain veterinary drug residues in food
260 ## - PUBLICATION, DISTRIBUTION, ETC. (IMPRINT)
Place of publication Geneva :
Name of publisher World Health Organization,
Year of publication 2006.
300 ## - PHYSICAL DESCRIPTION
Number of Pages vi, 80 p.
490 1# - SERIES STATEMENT
Series statement WHO technical report series,
650 #0 - SUBJECT ADDED ENTRY--TOPICAL TERM
Topical Term Veterinary drug residues
Topical Term Food additives
Topical Term Veterinary drugs
Topical Term Food contamination
856 40 - ELECTRONIC LOCATION AND ACCESS
Uniform Resource Identifier http://site.ebrary.com/lib/rucke/Doc?id=10161462

No items available.

© 2026 Rongo University
Contact us: librarian | system librarian | Rongo university